000 00467cam a2200181ua 4500
020 _cRs 3.00
041 _amal
_h
082 _a894.812 308
_bJAR/IR
100 _aJarasandhan, .
245 _aIrumpazhikal /
_cJarasandhan.
_hTextual Documents
260 _aKottayam :
_bSahitya Pravarthaka Co-operative Society ,
_c1963.
300 _a232 ; .
365 _aRs 3.00
504 _a
650 _aFiction - Malayalam
942 _cBK
999 _c515
_d515